A Magyar irodalomtorténet bibliografiája 1905 - 1945 Személyi rész 2. L - Zs

Bibliographic Details
Main Author: Botka, Ferenc (Author)
Format: Book
Language:Undetermined
PhysicalDescription:789 s.
Published: Budapest Akadémiai Kiadó 1989
ISBN:963 05 4632 9

MARC

LEADER 00000nam a2200000 a 4500
001 vtls001429507
003 SK-MaSNL
005 20260301202654.0
008 240318s1989 xx 0 und
020 |a 963 05 4632 9  |q (7. kotet) 
035 |a SNK000384516 
040 |a SNK  |b slo  |c SNK  |e AACR2 
100 1 |a Botka, Ferenc  |4 aut  |9 283053 
245 1 0 |a A Magyar irodalomtorténet bibliografiája 1905 - 1945  |b Személyi rész 2. L - Zs 
260 |a Budapest  |b Akadémiai Kiadó  |c 1989 
300 |a 789 s. 
919 |a 963 05 4632 9 (7. kotet) 
958 |a OND 
999 |c 899775  |d 901705 
952 |t P60, <04>, [BOOK], {604}  |a SNK  |b SNK  |y VYP  |7 0  |p 17A0332371  |o snkIC 90367/7 D1  |i snkV 2182/90  |0 0  |1 1  |4 0  |d 2002-02-19  |l 0  |r 2005-01-02 00:00:00  |w 2026-02-24